000 007000000a22001570004500
090 _aT M3669a
100 1 _aMartínez Quinto, José Milton
245 1 0 _aAntinomia entre la cristología juanina y la cristología de la nueva era / José Milton Martínez Quinto
260 _aMedellín, Colombia
300 _a88 Pag
500 _aTesis (licenciatura)--Seminario Bíblico de Colombia
502 _aMonitor: Fernando Mosquera; Jurado: Elizabeth de Sendek; Jurado: Theo Donner
520 _a- Una mirada a la Nueva Era - Doctrina cristológica de la Nueva Era - Doctrina cristológica de Juan - Paralelos entre la cristología juanina y la cristología de la Nueva Era
001 3650
942 _cBK
999 _c34295
_d34295